| 000 | 01412cam a2200397 a 4500 | ||
|---|---|---|---|
| 001 | 4315214 | ||
| 003 | OSt | ||
| 005 | 20140310184246.0 | ||
| 008 | 871228s1988 nyu j b 001 0beng | ||
| 010 | _a 87038063 | ||
| 020 | _a0590428934 | ||
| 040 |
_aDLC _cDLC _dDLC |
||
| 042 | _alcac | ||
| 043 | _an-us--- | ||
| 050 | 0 | 0 |
_aE 450.B93 _b.H36 1989 |
| 100 | 1 |
_aHamilton, Virginia, _d1936-2002. _925207 |
|
| 245 | 1 | 0 |
_aAnthony Burns : _bthe defeat and triumph of a fugitive slave / _cby Virginia Hamilton. |
| 260 |
_aNew York : _bScholastics _cc1988. |
||
| 300 |
_axiii, 193 p. ; _c22 cm. |
||
| 521 | _aG6 | ||
| 526 | _c860 | ||
| 600 | 1 | 0 |
_aBurns, Anthony, _d1834-1862 _vJuvenile literature. _925208 |
| 600 | 1 | 1 |
_aBurns, Anthony, _d1834-1862. _925209 |
| 650 | 0 |
_aFugitive slaves _zUnited States _vBiography _vJuvenile literature. _925210 |
|
| 650 | 0 |
_aAntislavery movements _zUnited States _vJuvenile literature. _925211 |
|
| 650 | 1 |
_aFugitive slaves. _925212 |
|
| 650 | 1 |
_aSlavery. _922070 |
|
| 650 | 1 |
_aAfrican Americans _vBiography. _925213 |
|
| 856 | 4 | 2 |
_3Contributor biographical information _uhttp://www.loc.gov/catdir/bios/random051/87038063.html |
| 856 | 4 | 2 |
_3Publisher description _uhttp://www.loc.gov/catdir/description/random046/87038063.html |
| 906 |
_a7 _bcbc _corignew _d1 _eocip _f19 _gy-gencatlg |
||
| 942 |
_2lcc _cBK-SCHOLAS |
||
| 999 |
_c33322 _d33322 |
||